00664 2200229 4500001002100000005001700021008004100038020001800079035002400097041000800121043001200129082001200141090002300153100001700176245007600193260002700269300003300296500003100329650004100360850001200401999002100413YOGYA-0511000000039120110505074316.0 ind  a979-533-975-3 0010-051100000000391 aInd aYOPDYOG a005.369 aDEP 005.369bBud S aBUDI RAHARJO aSurat menyurat dengan Microsoft Word XPcBudi Rahardjo & Joko Irawan M. aYogyakartabAndic2003 axii, 291 hlm.bilus.c23 cm. aBibliografi : hlm. 173-175 aMicrosoft Word XP (Program Komputer) aYOPDYOG aCB-D.11 2003-241